Rejected Daily Trivia #17 - Statistics

General Stats
  • This quiz has been taken 23 times
  • The average score is 5 of 10
Answer Stats
Question Answer % Correct
Who played Indiana Jones' father in The Last Crusade (1989)? Sean Connery
81%
What is the Roman equivalent to the Greek god Zeus? Jupiter
71%
What fantasy role-playing game series was created by Hironobu Sakaguchi in 1987? Final Fantasy
67%
What are the main characters in the animated series Winx Club? Fairies
62%
What is the particle size in the ISO standard for "Sand"? 0.063 - 2 mm
52%
What is a Tardigrade? A microscopic animal known for its survival ability
48%
How much of Greenland's surface area is ice? 80%
43%
Where does mahogany wood come from originally? The Americas
33%
Which video game won Game of the Year at the 2025 Game Awards? Clair Obscur: Expedition 33
29%
Who suggested that Switzerland be partitioned between France, Germany and Italy because Swiss authorities arrested his son? Muammar Gaddafi
24%
No matching quizzes found
Score Distribution
Percent of People with Each Score
Percentile by Number Answered
Your Score History
You have not taken this quiz